000 nam a22 7a 4500
999 _c7904
_d7904
008 171108b xxu||||| |||| 00| 0 eng d
100 _94369
_aCBSE
245 _aBIOLOGY QUSTION SETS-XII
260 _aAGRA
_bOSWAL
_c2018